О среднем количестве наилучших приближений линейных форм (Запись № 2972917)

Подробности
000 -МАРКЕР
контрольное поле 01657nam0a2200361 4500
001 - ИДЕНТИФИКАТОР ЗАПИСИ
контрольное поле RU\NLR\bibl\1905553
005 - ИДЕНТИФИКАТОР ВЕРСИИ
контрольное поле 20260408204448.0
021 ## - НОМЕР ГОСУДАРСТВЕННОЙ РЕГИСТРАЦИИ
Код страны Российская Федерация
Номер 2012-31736
Номер Листа государственной регистраци 2356
035 ## - ДРУГИЕ СИСТЕМНЫЕ НОМЕРА
Идентификатор записи (NLR Aleph) 001895134
100 ## - ДАННЫЕ ОБЩЕЙ ОБРАБОТКИ
Данные общей обработки 20120521d2012 k y0rusy50 ca
101 0# - ЯЗЫК РЕСУРСА
Язык текста, звукозаписи и т.д. русский
Язык резюме английский
102 ## - СТРАНА ПУБЛИКАЦИИ ИЛИ ПРОИЗВОДСТВА
Страна публикации Российская Федерация
105 ## - ПОЛЕ КОДИРОВАННЫХ ДАННЫХ: ТЕКСТОВЫЕ МАТЕРИАЛЫ, МОНОГРАФИЧЕСКИЕ
Кодированные данные о монографическом текстовом документе y |||||||||
200 1# - ЗАГЛАВИЕ И СВЕДЕНИЯ ОБ ОТВЕТСТВЕННОСТИ
Основное заглавие О среднем количестве наилучших приближений линейных форм
Параллельное заглавие On the average number of best approximations of linear forms
Первые сведения об ответственности А. А. Илларионов
Язык параллельного заглавия английский
210 ## - ПУБЛИКАЦИЯ, РАСПРОСТРАНЕНИЕ И ДР.
Место издания, распространения и т.д. Владивосток
Имя издателя, распространителя и т. д. Дальнаука
Дата издания, распространения и т.д. 2012 (макет 2011)
215 ## - ФИЗИЧЕСКАЯ ХАРАКТЕРИСТИКА
Специфическое обозначение материала и объем 38 с.
Размеры 21
225 1# - СЕРИЯ
Основное заглавие серии Препринт
Параллельное заглавие серии Preprint
Сведения об ответственности Рос. акад. наук, Дальневост. отд-ние, Ин-т прикл. математики, Хабар. отд-ние
Обозначение тома N 01
300 ## - ОБЩИЕ ПРИМЕЧАНИЯ
Текст примечания Авт. также на англ. яз.: Andrey A. Illarionov
300 ## - ОБЩИЕ ПРИМЕЧАНИЯ
Текст примечания Рез. на англ. яз.
320 ## - ПРИМЕЧАНИЯ О НАЛИЧИИ В ДОКУМЕНТЕ БИБЛИОГРАФИИ / УКАЗАТЕЛЯ
Текст примечания Библиогр.: с. 38 (13 назв.)
510 1# - ПАРАЛЛЕЛЬНОЕ ЗАГЛАВИЕ
Связь между полями z22790
Параллельное заглавие On the average number of best approximations of linear forms
Язык заглавия английский
606 ## - НАИМЕНОВАНИЕ ТЕМЫ КАК ПРЕДМЕТ
Наименование темы Решетки (мат.) целочисленные
Тематический подзаголовок Минимумы
Идентификатор авторитетной/нормативной записи RU\NLR\auth\661572333
Системный номер авторитетной/нормативной записи 2097271
686 ## - ИНДЕКСЫ ДРУГИХ КЛАССИФИКАЦИЙ
Индекс В152.23
700 #1 - ИМЯ ЛИЦА - ПЕРВИЧНАЯ ОТВЕТСТВЕННОСТЬ
Код отношения Автор
Материалы, к которым относится поле rus
Графика поля Кириллица
Начальный элемент ввода Илларионов
Часть имени, кроме начального элемента ввода А. А.
Расширение инициалов личного имени Андрей Анатольевич
Идентификатор авторитетной/нормативной записи RU\NLR\auth\77107816
Системный номер авторитетной/нормативной записи 90741
790 #1 - ИМЯ ЛИЦА - АЛЬТЕРНАТИВНАЯ ФОРМА
Код отношения Автор
Материалы, к которым относится поле rus
Графика поля Латинская
Начальный элемент ввода Illarionov
Часть имени, кроме начального элемента ввода A. A.
Расширение инициалов личного имени Andrej Anatol'evič
Идентификатор авторитетной/нормативной записи RU\NLR\auth\77107817
Системный номер авторитетной/нормативной записи 90742
801 #0 - ИСТОЧНИК ЗАПИСИ
Страна Российская Федерация
Организация NLR
Дата составления 20120521
Правила каталогизации RCR
801 #1 - ИСТОЧНИК ЗАПИСИ
Страна Российская Федерация
Организация NLR
Дата составления 20120521
942 ## - ДОПОЛНИТЕЛЬНЫЕ ЭЛЕМЕНТЫ ЗАПИСИ (АБИС)
Тип экземпляра АБИС Книга
980 ## - КОЛЛЕКЦИЯ
Название коллекции НБР
980 ## - КОЛЛЕКЦИЯ
Название коллекции Национальная библиография

Нет доступных экземпляров.